All Dermot Kennedy Songs (Updated at any Release) - Statistics

General Stats
  • This quiz has been taken 53 times
    6 since last reset
  • The average score is 58 of 76
Answer Stats
Aswers % Correct
A closeness
100%
After Rain
100%
All My Friends
100%
All My Friends - 2017
100%
All My Friends - Lost In The Soft Light Sessions
100%
Blossom
100%
Boston
100%
Days Like This
100%
Divide
100%
Funeral
100%
Glory
100%
Happiness
100%
Honest
100%
Innocence and Sadness
100%
Lessons
100%
Lucky
100%
Often, Lately
100%
Outnumbered
100%
Outnumbered - Lost In The Soft Light Sessions
100%
Redemption
100%
Refuge
100%
Rome
100%
Sunday
100%
Sycamore
100%
The Corner
100%
The Only Time I Prayed
100%
The Weight of the Woods
100%
Trepidation
100%
Turnstile
100%
Two Hearts
100%
Any Love
83%
Blue Eyes
83%
Dancing Under Red Skies
83%
Giants
83%
Homeward
83%
Mike (desert island duvet)
83%
One Life
83%
Power
83%
Power Over Me
83%
Temptation - Live From Soundwaves
83%
The Weight of the Woods (Reprise)
83%
Without Fear
83%
An Evening I will Not Forget
67%
An Evening I Will Not Forget - Acoustic
67%
Couldn't Tell
67%
Endless
67%
For Island Fires and Family
67%
Kiss Me
67%
Moments Passed
67%
Moments Passed - Mike Dean Remix
67%
Outgrown
67%
Shelter
67%
Something to Someone
67%
Swim Good
67%
The Killer Was a Coward
67%
Wasted
67%
What Have I Done
67%
Won't Back Down
67%
Young & Free
67%
Already Gone
50%
An Evening I Will Not Forget / Furthest Thing
50%
Don't Forget Me
50%
Dreamer
50%
Driving Home For Christmas
50%
Lost
50%
Paradise (feat. Dermot Kennedy)
50%
Resolution
50%
Stockholm
50%
Better Days
33%
Better Days (feat. EARTHGANG)
33%
Dermot (see yourself in my eyes)
33%
Don't Cry
33%
Nothing Else Matters
33%
The Corner - Lost In The Soft Light Sessions
33%
Heartless
17%
Carrickfergus (Live from Dallas)
0%
No matching quizzes found
Score Distribution
Percent of People with Each Score
Percentile by Number Answered
Your Score History
You have not taken this quiz since the last reset